| 000 | 01199cam a2200337 i 4500 | ||
|---|---|---|---|
| 001 | 1656337 | ||
| 003 | EG-ScBUE | ||
| 005 | 20230611112409.0 | ||
| 008 | 970529s1997 txua f b 000 0 eng d | ||
| 020 | _a9789960340111 | ||
| 040 |
_aDLC _beng _erda _cDLC _dEG-ScBUE |
||
| 082 | 0 | 4 |
_a297 _222 _bIBA |
| 100 | 1 |
_aIbrahim, I. A., _eauthor. |
|
| 245 | 1 | 2 |
_aA brief illustrated guide to understanding Islam / _cI.A. Ibrahim ; Dr. William Daoud Peachy [and eleven others] |
| 250 | _aSecond edition. | ||
| 264 | 1 |
_aTexas, USA : _bDarussalam, _c[1997] |
|
| 264 | 4 | _cc1997 | |
| 300 |
_a74 pages : _bcolor illustrations ; _c22 cm |
||
| 336 |
_2rdacontent _atext _btxt |
||
| 337 |
_2rdamedia _aunmediated _bn |
||
| 338 |
_2rdacarrier _avolume _bnc |
||
| 504 | _aIncludes bibliographical references. | ||
| 650 | 7 |
_aIslam. _2BUEsh |
|
| 650 | 7 |
_aIslam _xDoctrines. _2BUEsh |
|
| 655 | _vReading book | ||
| 700 | 1 |
_aPeachy, William Daoud, _eeditor. |
|
| 906 |
_a7 _bcbc _corignew _d3 _eopcn _f19 _gy-gencatlg |
||
| 942 |
_2ddc _cBB |
||
| 999 |
_c30468 _d30439 |
||